Pays où le français est la langue officielle - Statistiques

Statistiques générales
  • Ce quiz a été pris 295 fois
  • Le résultat moyen est 15 sur 26
Statistiques - réponses
Pays % Correct
France
99%
Belgique
91%
Suisse
89%
Canada
83%
Sénégal
81%
Luxembourg
78%
République démocratique du Congo
78%
Monaco
71%
Côte d'Ivoire
70%
Mali
70%
Cameroun
67%
Guinée
63%
Niger
58%
Bénin
55%
Togo
55%
Madagascar
53%
Burkina Faso
52%
Tchad
50%
République centrafricaine
49%
Comores
45%
Rwanda
39%
Djibouti
37%
Burundi
34%
Seychelles
32%
Vanuatu
24%
Congo (Brazzaville)
6%
Aucun quiz correspondant
Distribution des résultats
% des personnes avec chaque résultat
Percentile par nombre de réponses
Votre historique - résultats
Vous n’avez pas pris ce quiz